Sredstva projektirovanija mikroprocessornych ustrojstv
Gespeichert in:
| Format: | Buch |
|---|---|
| Sprache: | Russisch |
| Veröffentlicht: |
Moskva
Mežd. centr. nauč. i techn. inf.
1985
|
| Ausgabe: | 1. izd. |
| Tags: |
Keine Tags, Fügen Sie das erste Tag hinzu!
|
MARC
| LEADER | 00000nam a2200000 4500 | ||
|---|---|---|---|
| 001 | c023132 | ||
| 005 | 20221220080353.0 | ||
| 041 | 0 | |a rus | |
| 044 | |a RU | ||
| 245 | 1 | 0 | |a Sredstva projektirovanija mikroprocessornych ustrojstv |
| 250 | |a 1. izd. | ||
| 264 | 1 | |a Moskva |b Mežd. centr. nauč. i techn. inf. |c 1985 | |
| 300 | |a 87 s. | ||